The IRA book : the complete guide to IRAs and retirement planning /

Bibliographic Details
Main Author: Krughoff, Robert
Corporate Author: Washington Center for the Study of Services
Format: Book
Language:English
Published: Washington, D.C. : Center for the Study of Services, [1983]
Subjects:

MARC

Tag First Indicator Second Indicator Subfields
LEADER 00000cam a2200000 a 4500
001 in00000534413
005 20151013170612.0
008 840210s1983 dcua 00010 eng
010 |a  83227791  
020 |a 0961143207 (pbk.) :  |c $5.95 
035 |a (OCoLC)10506202 
035 |9 ACH1253AM 
039 0 |a 2  |b 3  |c 3  |d 3  |e 3 
040 |a DLC  |c DLC  |d TXA  |d UtOrBLW 
049 |a TXAM 
050 0 0 |a HG1660.A3  |b K78 1983 
082 0 |a 332.024/01  |2 19 
100 1 |a Krughoff, Robert. 
245 1 4 |a The IRA book :  |b the complete guide to IRAs and retirement planning /  |c by Robert Krughoff and the staff of the Center for the Study of Services. 
264 1 |a Washington, D.C. :  |b Center for the Study of Services,  |c [1983] 
264 4 |c ©1983 
300 |a 80 pages :  |b illustrations ;  |c 28 cm. 
336 |a text  |b txt  |2 rdacontent 
337 |a unmediated  |b n  |2 rdamedia 
338 |a volume  |b nc  |2 rdacarrier 
500 |a Cover title. 
650 0 |a Individual retirement accounts  |x Handbooks, manuals, etc. 
710 2 |a Washington Center for the Study of Services. 
999 |a MARS 
999 f f |s 99c0d82a-7dd2-3838-87c9-2e0b1acda52f  |i c8701e52-2b0b-3eb3-ad54-09e763cdfd9e  |t 0 
952 f f |p ric  |a Texas A&M University  |b Rellis Campus  |c Joint Library Facility  |d Remote Storage  |t 0  |e HG1660.A3 K78 1983  |h Library of Congress classification  |i unmediated -- volume  |m A14808759985 
998 f f |a HG1660.A3 K78 1983  |t 0  |l Remote Storage